000 02121nam a2200337Ia 4500
999 _c50718
_d50718
001 17669
003 GE_BSU
005 20200221160815.0
008 181216s2008 ge |||||||||||||| ||geo||
020 _a9789994017799
040 _cGE_BSU
041 _ageo
080 _a342.727 გ-74
100 _aგოცირიძე, ევა
_9203
245 _aგამოხატვის თავისუფლება ღირებულებათა კონფლიქტში = Freedom of expression with the conflicts of values :ადამიანის უფლებათა ევროპული კონვენციისა და სტრასბურგის სასამართლოს იურისპრუდენციის მიხედვით /
_cევა გოცირიძე ; რედ. ლევან ალექსიძე.
260 _aთბილისი :
260 _bჯისიაი
264 _aთბილისი :
_bჯისიაი,
_c2008.
300 _a636 გვ. ;
_c24 სმ.
300 _bრეზ. ინგლ.. - ბიბლიოგრ. ტექსტ. შენიშვნ. და გვ. 618-630.
504 _aბიბლიოგრ. ტექსტ. შენიშვნ. და გვ. 618-630.
546 _aრეზ. ინგლისურ ენაზე.
653 _aსამართალი
653 _aგამოხატვის თავისუფლება
653 _aადამიანის ძირითადი უფლებები
653 _aადამიანის უფლებათა ევროპული კონვენცია
700 _eრედაქტორი
_9204
_aალექსიძე, ლევან
710 _aივ. ჯავახიშვილის თბილისის სახელმწიოფო უნივერსიტეტი
_9213
710 _aსაერთაშორისო სამართლის ინსტიტუტი
_9242
942 _cBK
_2udc